The role of open, distance and flexible learning (ODEL) in HIV/AIDS prevention and mitigation for affected youth in South Africa and Mozambique. (Record no. 56690)

MARC details
000 -LEADER
fixed length control field 00965nam a2200217 a 4500
008 - FIXED-LENGTH DATA ELEMENTS--GENERAL INFORMATION
fixed length control field 090325s2006 ||||||||||||||||| || u
020 ## - INTERNATIONAL STANDARD BOOK NUMBER
International Standard Book Number 1861927959
050 ## - LIBRARY OF CONGRESS CALL NUMBER
Classification number RA 643.86 Pri
100 ## - MAIN ENTRY--PERSONAL NAME
Personal name Yates, Chris
245 14 - TITLE STATEMENT
Title The role of open, distance and flexible learning (ODEL) in HIV/AIDS prevention and mitigation for affected youth in South Africa and Mozambique.
Statement of responsibility, etc. by Pridmore, Pat and Yates, Chris
260 ## - PUBLICATION, DISTRIBUTION, ETC.
Place of publication, distribution, etc. London:
Name of publisher, distributor, etc. University of London
Date of publication, distribution, etc. 2006.
300 ## - PHYSICAL DESCRIPTION
Extent xiii, 124p.
350 ## - PRICE (NR) (BK AM CF MU VM SE) [OBSOLETE]
Price 0.00
490 ## - SERIES STATEMENT
Series statement DFID Researching the issues
650 ## - SUBJECT ADDED ENTRY--TOPICAL TERM
Topical term or geographic name entry element HIV/AIDS PREVENTION--CONTROL AND CARE PROGRAM--SOUTH AFRICA
650 ## - SUBJECT ADDED ENTRY--TOPICAL TERM
Topical term or geographic name entry element AIDS (DISEASE)--MOZAMBIQUE--PREVENTION
650 ## - SUBJECT ADDED ENTRY--TOPICAL TERM
Topical term or geographic name entry element AIDS (DISEASE)--SOUTH AFRICA--PREVENTION
650 ## - SUBJECT ADDED ENTRY--TOPICAL TERM
Topical term or geographic name entry element UROLOGIC DISEASES
700 ## - ADDED ENTRY--PERSONAL NAME
Personal name Pridmore, Pat
995 ## - RECOMMENDATION 995 [LOCAL, UNIMARC FRANCE]
-- 0.00
-- CBU-MAIN LIBRARY (Kitwe)
-- 1
-- 0.00
-- 1
-- AVAILABLE
-- Mar 25, 2009
-- Annex Low-Usage Collection
Holdings
Withdrawn status Lost status Source of classification or shelving scheme Damaged status Not for loan Home library Current library Shelving location Date acquired Total Checkouts Full call number Barcode Date last seen Price effective from Koha item type
          CBU-MAIN LIBRARY, KITWE. CBU-MAIN LIBRARY, KITWE.   11/30/2022   RA 643.86 Pri 739174 11/30/2022 11/30/2022 MONOGRAPH